000 00429nam a22001457a 4500
999 _c524170
_d524170
020 _a9780195791587
040 _cNUST
082 _a322.42092
_bASL
100 _aAslam Malik, Muhammad
_914991
245 _aAllama Inayatullah Mashraqi :
_bA political biography /
_cMuhammad Aslam Malik.
260 _aNew York :
_bOxford university press,
_c2004.
300 _a264 p. ;
_c20 cm.
500 _aIncludes indexes.
942 _2ddc
_cBK